Některé deformace v řízení

Ciele demokratického riadenia. Hlavné nástroje racionálneho riadenia. Hlavné deformácie riadenia. Črty, ktoré určujú vhodnosť riadiaceho pracovníka.

Guardado en:
Detalles Bibliográficos
Autor principal: Perišiť, S.
Formato: Capítulo de libro
Lenguaje:checo
Materias:
Etiquetas: Agregar Etiqueta
Sin Etiquetas, Sea el primero en etiquetar este registro!

MARC

LEADER 00000naa a2200000 4500
001 r011210
005 20220831081542.9
041 0 |a cze 
044 |a CS 
245 1 0 |a Některé deformace v řízení  |c S. Perišiť 
520 |a Ciele demokratického riadenia. Hlavné nástroje racionálneho riadenia. Hlavné deformácie riadenia. Črty, ktoré určujú vhodnosť riadiaceho pracovníka. 
610 2 0 |a riadenie demokratické 
610 2 0 |a nástroje riadenia 
610 2 0 |a pracovníci riadiaci 
610 2 0 |a ciele podnikové 
100 1 |a Perišiť, S.